Catalog

Record Details

Catalog Search



Available copies

  • 1 of 1 copy available at LARL/NWRL Consortium.
  • 1 of 1 copy available at Northwest Regional Library. (Show preferred library)

Current holds

0 current holds with 1 total copy.

Show Only Available Copies
Location Call Number / Copy Notes Barcode Shelving Location Status Due Date
Roseau Public Library STE (Text) 35500005252604 Main Available -

Record details

  • ISBN: 0385340222
  • Physical Description: 341 p. ; 25 cm.
  • Publisher: New York : Delacorte Press, c2007.
Subject: Sisters > Fiction.
Models (Persons) > Fiction.
Women television producers and directors > Fiction.
Women lawyers > Fiction.
Women art students > Fiction.
Family reunions > Fiction.
LDR 01954nam a22004218a 4500
00174762
003LARL_NWRL_CONSORTIUM
00520061204101018.0
008060627s2007 nyu 000 1 eng
010 . ‡a2006048482
020 . ‡a0385340222
0243 . ‡a9780385340229
035 . ‡a(OCoLC)70292157
040 . ‡aDLC ‡cDLC ‡dBAKER
08200. ‡a813/.54 ‡222
1001 . ‡aSteel, Danielle. ‡0(LARL_NWRL_CONSORTIUM)4143
24510. ‡aSisters / Danielle Steel.
260 . ‡aNew York : ‡bDelacorte Press, ‡cc2007.
300 . ‡a341 p. ; ‡c25 cm.
650 0. ‡aSisters ‡vFiction. ‡0(LARL_NWRL_CONSORTIUM)167281
650 0. ‡aModels (Persons) ‡vFiction. ‡0(LARL_NWRL_CONSORTIUM)166119
650 0. ‡aWomen television producers and directors ‡vFiction.
650 0. ‡aWomen lawyers ‡vFiction. ‡0(LARL_NWRL_CONSORTIUM)167904
650 0. ‡aWomen art students ‡vFiction.
650 0. ‡aFamily reunions ‡vFiction. ‡0(LARL_NWRL_CONSORTIUM)164951
901 . ‡a74762 ‡bOCLC ‡c74762 ‡tbiblio

Additional Resources